[Event "Camp. francese a squadre - Top 16 GpB"]
[Site "Chalons en Champagne FRA"]
[Date "2007.02.11"]
[Round "3"]
[White "Bellaiche, A."]
[Black "Edouard, R."]
[Result "1-0"]
[WhiteElo "2472"]
[BlackElo "2446"]
[PlyCount "186"]
[EventDate "2007.02.09"]
[Source "www.chesslib.no"]
[SourceDate "2004.05.04"]

1. d4 Nf6 2. c4 c5 3. d5 e6 4. Nc3 exd5 5. cxd5 d6 6. Nf3 g6 7. e4 a6 8. a4 Bg4 9. Be2 Bxf3 10. Bxf3 Bg7 11. O-O O-O 12. Bf4 Ne8 13. Qd2 Nd7 14. Be2 Rb8 15. Bg5 Bf6 16. Bh6 Bg7 17. Bxg7 Nxg7 18. f4 Re8 19. Rae1 Qa5 20. f5 Qd8 21. Qf4 Re5 22. h4 Kh8 23. Qh6 Nf6 24. g4 Ng8 25. Qg5 f6 26. Qd2 g5 27. Kg2 Ne8 28. Rh1 Kg7 29. Bd3 Nh6 30. Ne2 Nf7 31. Ng1 h6 32. Nf3 Re7 33. Rh3 Qd7 34. b3 Nc7 35. Reh1 Rg8 36. hxg5 hxg5 37. Qc3 Ne8 38. b4 b6 39. a5 Qc7 40. axb6 Qxb6 41. bxc5 dxc5 42. Rh7+ Kf8 43. Ra1 Qd6 44. Rxa6 Qf4 45. Qxc5 Qxg4+ 46. Kf2 Qf4 47. Re6 Qc7 48. Qxc7 Rxc7 49. Bb5 Ned6 50. Bc6 Ra7 51. Rxd6 Ra2+ 52. Ke1 Ra1+ 53. Ke2 Ra2+ 54. Kd1 Nxd6 55. Nd4 Rg7 56. Ne6+ Kg8 57. Rxg7+ Kh8 58. Re7 g4 59. Ke1 g3 60. Kf1 Nc4 61. Rg7 Ne3+ 62. Ke1 g2 63. d6 Nc2+ 64. Kd1 Ne3+ 65. Ke1 Nc2+ 66. Kd1 Ne3+ 67. Kc1 Rc2+ 68. Kb1 Rxc6 69. d7 Rd6 70. Rxg2 Nxg2 71. d8=Q+ Rxd8 72. Nxd8 Kg7 73. Kc2 Kf8 74. Kd2 Ke7 75. Nb7 Kd7 76. Nc5+ Kc6 77. Nd3 Kb5 78. Kc3 Kc6 79. Kd2 Kb5 80. Ke2 Kc4 81. e5 Nh4 82. exf6 Nxf5 83. f7 Nd4+ 84. Ke3 Ne6 85. Nf4 Nf8 86. Ke4 Kc5 87. Ke5 Kc6 88. Kf6 Kd6 89. Kg7 Nd7 90. Nh5 Ke5 91. Nf6 Nc5 92. Kg8 Ne6 93. Ne8 Kd5 1-0

[Event "14 Open A"]
[Site "Wien"]
[Date "2003.08.18"]
[Round "3"]
[White "Ganaus, Hannes"]
[Black "Pavlovic, Milos"]
[Result "1/2-1/2"]
[WhiteElo "2348"]
[BlackElo "2569"]
[PlyCount "100"]
[EventDate "2003.08.16"]
[Source "Roberto Alvarez"]
[SourceDate "2003.09.01"]

1. d4 Nf6 2. c4 g6 3. Nc3 Bg7 4. e4 d6 5. Nf3 O-O 6. Be2 c5 7. d5 e6 8. O-O exd5 9. cxd5 a6 10. a4 Bg4 11. h3 Bxf3 12. Bxf3 Nbd7 13. Bf4 Qe7 14. Re1 Rab8 15. Qc2 h5 16. Be2 Rfe8 17. Bf1 Nh7 18. Qd2 Bd4 19. Ne2 Bg7 20. Rab1 Rbc8 21. Kh1 c4 22. Nc3 Nhf6 23. f3 Nc5 24. Bxc4 Nxa4 25. Nxa4 Rxc4 26. Nb6 Rc5 27. b4 Rb5 28. Nc4 Rd8 29. Na3 Rb6 30. Be3 Nd7 31. Qf2 Rb5 32. Nxb5 axb5 33. Bd4 Ne5 34. Qf1 g5 35. Rbd1 Ng6 36. Bxg7 Kxg7 37. e5 dxe5 38. d6 Rxd6 39. Qxb5 Rc6 40. Kg1 Rc2 41. Re2 Rxe2 42. Qxe2 Qxb4 43. Qe4 Qxe4 44. fxe4 Nf4 45. Rb1 h4 46. Kf2 Kg6 47. Rxb7 f6 48. Rd7 Ne6 49. Rd6 Nf4 50. Kf3 Nh5 1/2-1/2

[Event "Imperia Open"]
[Site "Imperia"]
[Date "1989.??.??"]
[Round "6"]
[White "Oll, Lembit"]
[Black "Mrdja, Milan"]
[Result "1/2-1/2"]
[WhiteElo "2510"]
[BlackElo "2405"]
[PlyCount "52"]
[EventDate "1989.??.??"]
[Source "www.chesslib.no"]
[SourceDate "2004.05.04"]

1. d4 Nf6 2. c4 e6 3. Nf3 c5 4. d5 exd5 5. cxd5 d6 6. Nc3 g6 7. e4 a6 8. a4 Bg7 9. Be2 Bg4 10. Bf4 Bxf3 11. Bxf3 O-O 12. O-O Ne8 13. a5 Nd7 14. Be2 Qe7 15. Re1 Nc7 16. Qd2 Rfe8 17. Bf1 Rab8 18. Bg3 Bd4 19. Rab1 Qf6 20. Qf4 Qxf4 21. Bxf4 Ne5 22. Na4 b5 23. axb6 Na8 24. Bxe5 Bxe5 25. b4 c4 26. Rec1 Nxb6 1/2-1/2

[Event "Borovo"]
[Site "?"]
[Date "1980.08.14"]
[Round "6"]
[White "Vukic Milan"]
[Black "Tringov Georgi P"]
[Result "1/2-1/2"]
[WhiteElo "2460"]
[BlackElo "2455"]
[PlyCount "47"]
[EventDate "1980.??.??"]
[Source "www.chesslib.no"]
[SourceDate "2004.05.04"]

1. d4 Nf6 2. c4 e6 3. Nf3 c5 4. d5 exd5 5. cxd5 d6 6. Nc3 g6 7. Bf4 a6 8. a4 Bg7 9. e4 Bg4 10. Be2 Bxf3 11. Bxf3 O-O 12. O-O Qe7 13. Re1 Nbd7 14. a5 Rab8 15. Qc2 Ne8 16. Be2 Nc7 17. Bf1 b5 18. axb6 Rxb6 19. Na4 Rb7 20. Bd2 Nb5 21. Bc3 Ne5 22. Kh1 Qh4 23. g3 Qh5 24. Bxe5 1/2-1/2

[Event "JUG Team Ch"]
[Site "Nis YUG"]
[Date "1994.??.??"]
[Round "?"]
[White "Tosic, Miroslav"]
[Black "Cabrilo, Goran"]
[Result "0-1"]
[WhiteElo "2445"]
[BlackElo "2470"]
[PlyCount "110"]
[EventDate "1994.10.??"]
[Source "www.chesslib.no"]
[SourceDate "2004.05.04"]

1. d4 Nf6 2. c4 g6 3. Nc3 Bg7 4. e4 d6 5. Nf3 O-O 6. Be2 c5 7. d5 e6 8. Bf4 exd5 9. cxd5 Bg4 10. O-O a6 11. a4 Re8 12. Nd2 Bxe2 13. Qxe2 Nh5 14. Be3 Nd7 15. a5 Rb8 16. g4 Nhf6 17. h3 h5 18. f3 b5 19. axb6 Nxb6 20. Bg5 Qd7 21. Qh2 hxg4 22. hxg4 Nc8 23. Nc4 Rb4 24. Ne3 Nh7 25. Bf4 Bd4 26. Rae1 f6 27. Rf2 Ng5 28. Kg2 Qh7 29. Qxh7+ Nxh7 30. Rfe2 g5 31. Bg3 Bxe3 32. Rxe3 Rxb2+ 33. R1e2 Rb6 34. Ra2 Nf8 35. Na4 Rb4 36. Be1 Rb7 37. Bc3 Kf7 38. Nb2 Ng6 39. Kf2 Rh8 40. Ke1 Nf4 41. Kd1 Rh1+ 42. Kc2 Rh2+ 43. Bd2 Ne2 44. Rxe2 Rxe2 45. Nc4 Rf2 46. Rxa6 Rb4 47. Na3 Rd4 48. Nb1 Rxf3 49. Rc6 Ne7 50. Rxd6 Rxe4 51. Nc3 Rxg4 52. Rd7 Ke8 53. Rc7 Rd4 54. Rxc5 Rf2 55. Nb1 Nxd5 0-1

[Event "Bucharest ROM"]
[Site "?"]
[Date "2006.05.06"]
[Round "2"]
[White "Manolache Marius"]
[Black "Cioara Andrei Nestor"]
[Result "1/2-1/2"]
[WhiteElo "2492"]
[BlackElo "2422"]
[PlyCount "145"]
[EventDate "2006.??.??"]
[Source "www.chesslib.no"]
[SourceDate "2004.05.04"]

1. d4 Nf6 2. Nf3 e6 3. c4 c5 4. d5 exd5 5. cxd5 d6 6. Nc3 g6 7. Bf4 a6 8. e4 Bg7 9. Be2 O-O 10. O-O Bg4 11. a4 Re8 12. h3 Bxf3 13. Bxf3 Qc7 14. Rc1 Nbd7 15. Re1 Ne5 16. Be2 Qb6 17. Qc2 Qb4 18. Bf1 Rac8 19. Na2 Qb6 20. b3 h6 21. Bd2 g5 22. Bc4 Qd8 23. Nc3 Nh5 24. Qd1 Nf4 25. Ne2 Nfd3 26. Bxd3 Nxd3 27. Bxg5 Nxf2 28. Bxd8 Nxd1 29. Rexd1 Rcxd8 30. Ng3 Be5 31. Rd3 Kh7 32. Rf1 Rd7 33. Nh5 b5 34. Rf5 c4 35. bxc4 bxc4 36. Rdf3 Bd4+ 37. Kh2 Rxe4 38. Nf6+ Bxf6 39. Rxf6 Kg7 40. R6f5 Rc7 41. Rg3+ Kf8 42. Rc3 Re5 43. Rf4 Rxd5 44. Rcxc4 Rxc4 45. Rxc4 Rc5 46. Rh4 h5 47. Kg3 Rf5 48. Re4 Re5 49. Rc4 Ke7 50. Kf4 Ke6 51. g4 hxg4 52. Kxg4 f5+ 53. Kf3 Rc5 54. Rh4 Ke5 55. Rb4 d5 56. Rb6 a5 57. Ra6 d4 58. h4 Rc3+ 59. Ke2 Rh3 60. Rxa5+ Ke4 61. Ra8 Rh2+ 62. Ke1 Rxh4 63. a5 Ke3 64. Re8+ Kd3 65. a6 Rh1+ 66. Kf2 Ra1 67. Ra8 Kd2 68. Kf3 d3 69. Kf4 Ke2 70. a7 d2 71. Re8+ Kf1 72. Rd8 Ke1 73. Re8+ 1/2-1/2

[Event "3rd Open"]
[Site "Kolkata IND"]
[Date "2008.03.25"]
[Round "2"]
[White "Nguyen Anh Dung"]
[Black "Kamble, V."]
[Result "1-0"]
[WhiteElo "2525"]
[BlackElo "2387"]
[PlyCount "79"]
[EventDate "2008.03.24"]
[Source "www.chesslib.no"]
[SourceDate "2004.05.04"]

1. d4 Nf6 2. c4 c5 3. d5 e6 4. Nc3 exd5 5. cxd5 d6 6. e4 g6 7. Nf3 a6 8. a4 Bg4 9. Be2 Bxf3 10. Bxf3 Bg7 11. O-O O-O 12. Bf4 Ne8 13. Qb3 Qc7 14. Bg4 Nf6 15. Bh3 Nbd7 16. Kh1 Nh5 17. Bd2 c4 18. Qa3 Nc5 19. Be3 Nb3 20. Rae1 b5 21. f4 Bxc3 22. bxc3 Nf6 23. e5 Nxd5 24. exd6 Qa5 25. f5 Qxc3 26. Bh6 Qc2 27. axb5 Rfd8 28. bxa6 Qc3 29. d7 Qf6 30. a7 Qc6 31. Qb2 f6 32. fxg6 hxg6 33. Re6 Qb5 34. Rexf6 Nxf6 35. Qxf6 Rxd7 36. Qxg6+ Kh8 37. Qf6+ Kh7 38. Bf5+ Kg8 39. Be6+ Kh7 40. Bg5 1-0